Lời ru Thơ
vv
Đã lưu trong:
| Tác giả chính: | |
|---|---|
| Định dạng: | Sách |
| Năm xuất bản: |
H
Thanh niên
2000
|
| Chủ đề: | |
| Tags: |
Thêm thẻ
Không có thẻ, Hãy là người đầu tiên gắn thẻ bản ghi này!
|
| LEADER | 02824nam a2200349 4500 | ||
|---|---|---|---|
| 082 | |a 895.92214 |b GI106B | ||
| 100 | |a Giang Biên | ||
| 245 | |a Lời ru |c Giang Biên |b Thơ | ||
| 260 | |a H |b Thanh niên |c 2000 | ||
| 300 | |a 76tr. |c 19cm | ||
| 520 | |a vv | ||
| 653 | |a Văn học hiện đại | ||
| 653 | |a Thế kỷ 21 | ||
| 653 | |a Việt Nam | ||
| 653 | |a Thơ | ||
| 942 | |2 ddc |c STK0 | ||
| 999 | |c 4224 |d 4224 | ||
| 952 | |0 0 |1 0 |2 ddc |4 0 |6 895_922140000000000_GI106B |7 0 |8 800 |9 42605 |a qbu |b qbu |c D5 |d 2014-12-19 |g 18500 |o 895.92214 GI106B |p 3843.C1 |r 0000-00-00 |w 2014-12-19 |y STK0 | ||
| 952 | |0 0 |1 0 |2 ddc |4 0 |6 895_922140000000000_GI106B |7 0 |8 800 |9 42606 |a qbu |b qbu |c D5 |d 2014-12-19 |g 18500 |o 895.92214 GI106B |p 3843.C2 |r 0000-00-00 |w 2014-12-19 |y STK0 | ||
| 952 | |0 0 |1 0 |2 ddc |4 0 |6 895_922140000000000_GI106B |7 0 |8 800 |9 42607 |a qbu |b qbu |c D5 |d 2014-12-19 |g 18500 |o 895.92214 GI106B |p 3843.C3 |r 0000-00-00 |w 2014-12-19 |y STK0 | ||
| 952 | |0 0 |1 0 |2 ddc |4 0 |6 895_922140000000000_GI106B |7 0 |8 800 |9 42608 |a qbu |b qbu |c D5 |d 2014-12-19 |g 18500 |o 895.92214 GI106B |p 3843.C4 |r 0000-00-00 |w 2014-12-19 |y STK0 | ||
| 952 | |0 0 |1 0 |2 ddc |4 0 |6 895_922140000000000_GI106B |7 0 |8 800 |9 42609 |a qbu |b qbu |c D5 |d 2014-12-19 |g 18500 |o 895.92214 GI106B |p 3843.C5 |r 0000-00-00 |w 2014-12-19 |y STK0 | ||
| 952 | |0 0 |1 0 |2 ddc |4 0 |6 895_922140000000000_GI106B |7 0 |8 800 |9 42610 |a qbu |b qbu |c D5 |d 2014-12-19 |g 18500 |o 895.92214 GI106B |p 3843.C6 |r 0000-00-00 |w 2014-12-19 |y STK0 | ||
| 952 | |0 0 |1 0 |2 ddc |4 0 |6 895_922140000000000_GI106B |7 0 |8 800 |9 42611 |a qbu |b qbu |c D5 |d 2014-12-19 |g 18500 |o 895.92214 GI106B |p 3843.C7 |r 0000-00-00 |w 2014-12-19 |y STK0 | ||
| 952 | |0 0 |1 0 |2 ddc |4 0 |6 895_922140000000000_GI106B |7 0 |8 800 |9 42612 |a qbu |b qbu |c D5 |d 2014-12-19 |g 18500 |o 895.92214 GI106B |p 3843.C8 |r 0000-00-00 |w 2014-12-19 |y STK0 | ||
| 952 | |0 0 |1 0 |2 ddc |4 0 |6 895_922140000000000_GI106B |7 0 |8 800 |9 42613 |a qbu |b qbu |c D5 |d 2014-12-19 |g 18500 |o 895.92214 GI106B |p 3843.C9 |r 0000-00-00 |w 2014-12-19 |y STK0 | ||
| 952 | |0 0 |1 0 |2 ddc |4 0 |6 895_922140000000000_GI106B |7 0 |8 800 |9 42614 |a qbu |b qbu |c D5 |d 2014-12-19 |g 18500 |o 895.92214 GI106B |p 3843.C10 |r 0000-00-00 |w 2014-12-19 |y STK0 | ||
| 952 | |0 0 |1 0 |2 ddc |4 0 |6 895_922140000000000_GI106B |7 0 |8 800 |9 42615 |a qbu |b qbu |c D5 |d 2014-12-19 |g 18500 |o 895.92214 GI106B |p 3843.C11 |r 0000-00-00 |w 2014-12-19 |y STK0 | ||
| 952 | |0 0 |1 0 |2 ddc |4 0 |6 895_922140000000000_GI106B |7 0 |8 800 |9 42616 |a qbu |b qbu |c D5 |d 2014-12-19 |g 18500 |o 895.92214 GI106B |p 3843.C12 |r 0000-00-00 |w 2014-12-19 |y STK0 | ||
| 952 | |0 0 |1 0 |2 ddc |4 0 |6 895_922140000000000_GI106B |7 0 |8 800 |9 42617 |a qbu |b qbu |c D5 |d 2014-12-19 |g 18500 |o 895.92214 GI106B |p 3843.C13 |r 0000-00-00 |w 2014-12-19 |y STK0 | ||
| 952 | |0 0 |1 0 |2 ddc |4 0 |6 895_922140000000000_GI106B |7 0 |8 800 |9 42618 |a qbu |b qbu |c D5 |d 2014-12-19 |g 18500 |o 895.92214 GI106B |p 3843.C14 |r 0000-00-00 |w 2014-12-19 |y STK0 | ||
| 952 | |0 0 |1 0 |2 ddc |4 0 |6 895_922140000000000_GI106B |7 0 |8 800 |9 42619 |a qbu |b qbu |c D5 |d 2014-12-19 |g 18500 |o 895.92214 GI106B |p 3843.C15 |r 0000-00-00 |w 2014-12-19 |y STK0 | ||